| 000 | 00939nam a22002897a 4500 | ||
|---|---|---|---|
| 003 | CHAP | ||
| 005 | 20220329142313.0 | ||
| 008 | 000525d1990 au a r 00110 eng d | ||
| 010 | _a81323 | ||
| 011 | _a82295 | ||
| 035 | _a92784 | ||
| 040 | _cCHAP | ||
| 082 | 0 | 4 | _a633 B7 |
| 100 | 0 | 0 |
_aBrown, Guillie, _ecomp. _915653 |
| 245 | 1 | 0 |
_a1991 crop variety sowing guide for western Australia _c/by Guillie Brown |
| 260 |
_aPerth, Australia : _bDepartment of Agriculture, Western Australia, _c1990. |
||
| 300 |
_a148 p. : _bilus. ; gráfs. ; mapas |
||
| 590 |
_aBATCH-UPD _b10 _c20130110 _lUCH01 _h0313 |
||
| 590 |
_aBATCH-UPD _b10 _c20130110 _lUCH01 _h2048 |
||
| 590 |
_aCONVERSION _b10 _c20130109 _lUCH01 _h1345 |
||
| 650 | 1 | 4 |
_aCultivos _xAustralia. _930231 |
| 650 | 1 | 4 |
_aCultivos _xVariedades. _930332 |
| 901 | _aBK | ||
| 905 | _aAlejandra Carrasco M. | ||
| 942 | _cLIBRO | ||
| 949 |
_a633 B7 _bBC _cLIBRO _d33724000783577 _eLIBRO _h94887 _i92784 _si |
||
| 999 |
_c81323 _d81323 |
||